Management Control System in Public Enterprises (Record no. 206465)

MARC details
000 -LEADER
fixed length control field 00455nam a2200181Ia 4500
008 - FIXED-LENGTH DATA ELEMENTS--GENERAL INFORMATION
fixed length control field 240823s9999||||xx |||||||||||||| ||und||
082 ## - DEWEY DECIMAL CLASSIFICATION NUMBER
-- 338.62 0684 N0
100 ## - MAIN ENTRY--PERSONAL NAME
Personal name Kusuma N
245 #0 - TITLE STATEMENT
Title Management Control System in Public Enterprises
250 ## - EDITION STATEMENT
Edition statement 1st
260 ## - PUBLICATION, DISTRIBUTION, ETC. (IMPRINT)
Date of publication, distribution, etc 1990
Name of publisher, distributor, etc "Printwell Pub.,Jaipur"
500 ## - GENERAL NOTE
General note YES
650 ## - SUBJECT ADDED ENTRY--TOPICAL TERM
Topical term or geographic name as entry element Management
942 ## - ADDED ENTRY ELEMENTS (KOHA)
Item type Books
Holdings
Withdrawn status Lost status Damaged status Permanent location Current location Shelving location Date acquired Cost, normal purchase price Full call number Barcode Date last seen Koha item type
      CENTRAL LIBRARY, NOORUL ISLAM CENTRE FOR HIGHER EDUCATION CENTRAL LIBRARY, NOORUL ISLAM CENTRE FOR HIGHER EDUCATION   05/09/2003 225.00 338.62 0684 N0 5708 08/23/2024 Books
Visitors:
Copyright © 2024 Central Library NICHE.  All rights reserved.